000 00562nam a2200193Ia 4500
001 64036
008 191114n ii |||gr||||Z||||||465
020 _a978-1-4939-7730-7
082 _a541.37
100 _aBy Bockris Reddy & Aldeco.
245 0 _aModern Electrochemistry : 2A
_cBy John O M Bockris & Others
_hTextual Documents
250 _aSecond Edition.
260 _aNew York:
_bPlenum Publishers.
300 _a1534pg:
_bill,index;
_c30cm.
653 _aChemistry
653 _aModern Electrochemistry : 2A
653 _aG-Chemistry
942 _2ddc
_cBK
999 _c65136
_d65136